Diagnóstico del estado de conservación de Espeletia paipana S. Díaz AND Pedraza y E. jaramilloi S. Díaz (Asteraceae), especies endémicas del departamento de Boyacá, Colombia (Registro nro. 4621)

Detalles MARC
000 -CABECERA
Campo de control 00819nam a2200229 a 4500
005 - FECHA Y HORA DE LA ULTIMA TRANSACCION
Campo de control 20200104041551.0
008 - ELEMENTOS DE LONGITUD FIJA—INFORMACION GENERAL
Campo de control 140317b2004 ck |||||rm||| 00| 0 spa d
040 ## - FUENTE DE CATALOGACIÓN
Agencia catalogadora original CO-BoIAVH
Agencia transcriptora CO-BoIAVH
041 ## - IDIOMA
Código de idioma para texto/pista de sonido o título separado Español
044 ## - PAÍS DE PUBLICACIÓN
País de publicación Colombia
090 ## - CLASIFICACIÓN LOCAL
Colección TE
Consecutivo 0163
100 1# - ASIENTO PRINCIPAL--NOMBRE PERSONAL
Nombre personal López Torres, Francia Paola
9 (RLIN) 22052
245 10 - MENCION DE TITULO
Título Diagnóstico del estado de conservación de Espeletia paipana S. Díaz AND Pedraza y E. jaramilloi S. Díaz (Asteraceae), especies endémicas del departamento de Boyacá, Colombia
260 ## - PUBLICACION, DISTRIBUCION, ETC. (PIE DE IMPRENTA)
Lugar de publicación, distribución, etc. Tunja
Nombre del editor, distribuidor, etc. Universidad Pedagógica y Tecnológica de Colombia
Fecha de publicación, distribución, etc. 2004
300 ## - DESCRIPCION FISICA
Extensión 75 Paginas
520 ## - NOTA DE RESUMEN, ETC.
Nota de resumen Información sobre ecologia de frailejon en Boyacá.
650 14 - ASIENTO SECUNDARIO DE MATERIA - TERMINO TEMATICO
Término temático o nombre geográfico como elemento de entrada Especies amenazadas
9 (RLIN) 157
650 14 - ASIENTO SECUNDARIO DE MATERIA - TERMINO TEMATICO
Término temático o nombre geográfico como elemento de entrada Flora
9 (RLIN) 92293
650 14 - ASIENTO SECUNDARIO DE MATERIA - TERMINO TEMATICO
Término temático o nombre geográfico como elemento de entrada Frailejones
9 (RLIN) 1496
942 ## - ELEMENTOS ADICIONALES (KOHA)
Tipo de ítem Tesis
Sistema de clasificación Local
Koha issues (borrowed), all copies 1
945 ## - PROCESAMIENTO LOCAL
AAAA-MM-DD - Fecha de ingreso o modificacion 2005-06-27
Existencias
Withdrawn status Lost status Sistema de Clasificación Damaged status No para préstamo Colección Inventariado Ubicación Permanente Ubicación actual Fecha de adquisición Fuente de Valor Total Checkouts Número topográfico Inventario / Código de Barras Date last seen Date checked out Ejemplar Price effective from Forma de adquisición Tipo de material Public note
    Local     Tesis Inventariado 2017 Bogotá Bogotá 27/06/2005 Franco, Ana María 2 TE-0163 019233 30/11/2018 18/10/2018 Ej. 1 04/12/2012 Donación Tesis Disponible solo para consulta en sala